Computer Awareness (Record no. 4904)

MARC details
000 -LEADER
fixed length control field 00391nam a22001697a 4500
005 - DATE AND TIME OF LATEST TRANSACTION
control field 20180131110742.0
008 - FIXED-LENGTH DATA ELEMENTS--GENERAL INFORMATION
fixed length control field 160630b xxu||||| |||| 00| 0 eng d
020 ## - INTERNATIONAL STANDARD BOOK NUMBER
ISBN 81-85749-55-8
041 ## - LANGUAGE CODE
Language code of text/sound track or separate title eng
082 ## - DEWEY DECIMAL CLASSIFICATION NUMBER
Classification number 004
100 ## - MAIN ENTRY--AUTHOR NAME
Personal name Rai, S & Ghosh R
245 ## - TITLE STATEMENT
Title Computer Awareness
260 ## - PUBLICATION, DISTRIBUTION, ETC. (IMPRINT)
Name of publisher Katson
Year of publication 2012
300 ## - PHYSICAL DESCRIPTION
Number of Pages 513
650 ## - SUBJECT ADDED ENTRY--TOPICAL TERM
Topical Term Information Technology
942 ## - ADDED ENTRY ELEMENTS (KOHA)
Koha item type Books
Holdings
Lost status Damaged status Collection code Home library Current library Shelving location Date acquired Source of acquisition Cost, normal purchase price Full call number Accession Number Koha item type
    CS/IT JRU Library JRU Library SHELF-48-F 30/06/2016 PURCHASE 195.00 004 13733 Books
    CS/IT JRU Library JRU Library SHELF-52-G 30/06/2016   195.00 004 13734 Books
    CS/IT JRU Library JRU Library SHELF-52-G 30/06/2016   195.00 004 13735 Books
      JRU Library   SHELF-1-A 30/06/2016   195.00 004 13736 Books
    CS/IT JRU Library JRU Library SHELF-52-G 30/06/2016   195.00 004 13737 Books
    CS/IT JRU Library JRU Library SHELF-48-F 30/06/2016 PURCHASE 195.00 004 13738 Books
      JRU Library   Shelf - 26- H 30/06/2016   195.00 004 13739 Books
    CS/IT JRU Library JRU Library SHELF-48-F 30/06/2016 PURCHASE 195.00 004 13740 Books
    CS/IT JRU Library JRU Library SHELF-52-G 30/06/2016   195.00 004 13741 Books
      JRU Library   Shelf - 25- M 30/06/2016   195.00 004 13742 Books
    CS/IT JRU Library JRU Library SHELF-52-G 30/06/2016   195.00 004 13743 Books
    CS/IT JRU Library JRU Library SHELF-57-D 30/06/2016   195.00 004 13744 Books
    CS/IT JRU Library JRU Library SHELF-57-D 30/06/2016   195.00 004 13745 Books
    CS/IT JRU Library JRU Library SHELF-48-F 30/06/2016 PURCHASE 195.00 004 13746 Books
      JRU Library   Shelf - 25- N 30/06/2016   195.00 004 13747 Books
    PHARMACY JRU Library   SHELF-74-I 30/06/2016   195.00 004 13748 Books
    CS/IT JRU Library JRU Library SHELF-48-F 30/06/2016 PURCHASE 195.00 004 13749 Books
    Reference JRU Library   SHELF-30-D 30/06/2016   195.00 004 13750 Books
    CS/IT JRU Library JRU Library SHELF-52-G 30/06/2016   195.00 004 13751 Books
      JRU Library   Shelf - 25- M 30/06/2016   195.00 004 13752 Books
      JRU Library   Shelf - 25- M 30/06/2016   195.00 004 13753 Books
    CS/IT JRU Library JRU Library SHELF-52-G 30/06/2016   195.00 004 13754 Books
    CS/IT JRU Library JRU Library SHELF-52-G 30/06/2016   195.00 004 13755 Books
      JRU Library   SHELF-1-A 30/06/2016   195.00 004 13756 Books
      JRU Library   SHELF-1-A 30/06/2016   195.00 004 13757 Books
    CS/IT JRU Library JRU Library SHELF-52-G 30/06/2016   195.00 004 13758 Books
    CS/IT JRU Library JRU Library SHELF-52-G 30/06/2016   195.00 004 13759 Books